Das Phänomen des Rassismus: der Rassismus und die christlichen Kirchen

Saved in:  
Bibliographic Details
Main Author: Siebert, Rudolf J. 1927- (Author)
Format: Print Article
Language:German
Check availability: HBZ Gateway
Interlibrary Loan:Interlibrary Loan for the Fachinformationsdienste (Specialized Information Services in Germany)
Published: 1982
In: Concilium
Year: 1982, Volume: 18, Issue: 1, Pages: 4-11
IxTheo Classification:CH Christianity and Society
NCC Social ethics
Further subjects:B Racism
Parallel Edition:Electronic

MARC

LEADER 00000caa a22000002c 4500
001 59632863X
003 DE-627
005 20241113181352.0
007 tu
008 121113s1982 gw ||||| 00| ||ger c
035 |a (DE-627)59632863X 
035 |a (DE-576)374943060 
035 |a (DE-599)GBV59632863X 
040 |a DE-627  |b ger  |c DE-627  |e rakwb 
041 |a ger 
044 |c XA-DE 
084 |a 1  |2 ssgn 
100 1 |0 (DE-588)128384816  |0 (DE-627)372629873  |0 (DE-576)163069093  |4 aut  |a Siebert, Rudolf J.  |d 1927- 
109 |a Siebert, Rudolf J. 1927-  |a Siebert, Rudi 1927-  |a Siebert, Rudolph 1927-  |a Siebert, Rudolf 1927- 
245 1 4 |a Das Phänomen des Rassismus  |b der Rassismus und die christlichen Kirchen  |c Rudolf Siebert 
246 3 0 |a Der Rassismus und die christlichen Kirchen 
264 1 |c 1982 
336 |a Text  |b txt  |2 rdacontent 
337 |a ohne Hilfsmittel zu benutzen  |b n  |2 rdamedia 
338 |a Band  |b nc  |2 rdacarrier 
500 |a Rubrikentitel: Der Rassismus und die christlichen Kirchen 
601 |a Rassismus 
650 4 |a Rassismus 
650 4 |a Racism 
652 |a CH:NCC 
773 0 8 |i In  |t Concilium  |d Baden-Baden : Verlag Karl Alber, 1965  |g 18(1982), 1, Seite 4-11  |w (DE-627)129068594  |w (DE-600)1587-8  |w (DE-576)014400200  |x 0588-9804  |7 nnas 
773 1 8 |g volume:18  |g year:1982  |g number:1  |g pages:4-11 
776 0 8 |i Reproduziert als  |a Siebert, Rudolf J., 1927 -   |t Das Phänomen des Rassismus  |d 1982  |w (DE-627)188267250X  |k Electronic 
889 |w (DE-627)186303577X 
935 |a mteo  |a DTH5 
935 |i mdedup 
951 |a AR 
ELC |b 1 
ITA |a 1  |t 1 
LOK |0 000 xxxxxcx a22 zn 4500 
LOK |0 001 3277916537 
LOK |0 003 DE-627 
LOK |0 004 59632863X 
LOK |0 005 20220502092338 
LOK |0 008 160404||||||||||||||||ger||||||| 
LOK |0 040   |a DE-Tue135  |c DE-627  |d DE-Tue135 
LOK |0 092   |o n 
LOK |0 852   |a DE-Tue135 
LOK |0 852 1  |9 00 
LOK |0 935   |a ixzs  |a ixmi 
LOK |0 936ln  |0 144205283X  |a NCC 
LOK |0 936ln  |0 1550735845  |a CH 
LOK |0 939   |a 04-04-16  |b l01 
ORI |a SA-MARC-ixtheoa001.raw 
STA 0 0 |a Racism,Racism,Racism in literature 
STB 0 0 |a Racisme,Racisme 
STC 0 0 |a Racismo,Racismo 
STD 0 0 |a Razzismo,Razzismo 
STE 0 0 |a 种族主义 
STF 0 0 |a 種族主義 
STG 0 0 |a Racismo,Racismo 
STH 0 0 |a Расизм (мотив),Расизм 
STI 0 0 |a Ρατσισμός (μοτίβο),Ρατσισμός 
SYE 0 0 |a Rassenideologie,Rassenwahn,Rassenvorurteil,Rassifizierung